000 00390nam a2200145Ia 4500
008 210210b1990 xxu||||| |||| 00| 0 eng d
082 _a615.5 SHAW
100 _aSHARMA (Ashok Kumar).
245 _aWorld famous systems of medicine and therapies.
260 _aND
_bFamily books pvt ltd
_c1990
300 _a136
650 _amedicine therapies
690 _aPharmacology
906 _a045551
999 _c94734
_d94734